Statistics for Which continents has that Jetpunker not visited?

Click here to take the quiz!

General Stats

  • This quiz has been taken 12 times
  • The average score is 14 of 30

Answer Stats

QuestionTileSelect?% Correct
Quizzer6794Europe
60%
StewartAfrica
60%
StewartOceania
60%
StewartSouth America
60%
Quizzer6794Africa
60%
ScambigolNorth America
60%
WolfCamAsia
50%
KiwirageSouth America
50%
WolfCamNorth America
50%
ScambigolEurope
50%
WolfCamSouth America
50%
StewartNorth America
50%
Quizzer6794Oceania
50%
KiwirageEurope
50%
Quizzer6794South America
50%
Quizzer6794North America
50%
StewartEurope
50%
StewartAsia
50%
KiwirageAsia
50%
WolfCamEurope
40%
KiwirageOceania
40%
ScambigolAfrica
40%
KiwirageAfrica
40%
KiwirageNorth America
40%
ScambigolOceania
40%
ScambigolSouth America
40%
Quizzer6794Asia
40%
ScambigolAsia
30%
WolfCamAfrica
30%
WolfCamOceania
20%

Score Distribution

Percentile by Number Answered

Percent of People with Each Score

Your Score History

You have not taken this quiz